000
00258nam a22001217a 4500
008
171027b xxu||||| |||| 00| 0 eng d
041
_a
eng
080
_a
336
100
_a
55
101
_a
MNG
245
_a
FINANCIAL EUPHORIA
_c
KENNETH, J
942
_2
udc
_c
BK
999
_c
35992
_d
35992